Online
Catalog

Pláticas por Arriano / (Record no. 16990)

MARC details
000 -CABECERA
campo de control de longitud fija 01094cam a2200301 a 4500
001 - NÚMERO DE CONTROL
campo de control 000017465
003 - IDENTIFICADOR DEL NÚMERO DE CONTROL
campo de control UkOxU
005 - FECHA Y HORA DE LA ÚLTIMA TRANSACCIÓN
campo de control 20200929165125.0
008 - DATOS DE LONGITUD FIJA--INFORMACIÓN GENERAL
campo de control de longitud fija 500101s1963 sp b 001 0 spa d
040 ## - FUENTE DE LA CATALOGACIÓN
Centro catalogador/agencia de origen DO-SdBNP
Lengua de catalogación spa
Centro/agencia transcriptor LC
Centro/agencia modificador BNPHU
041 17 - CÓDIGO DE LENGUA
Código de lengua del texto/banda sonora o título independiente spa
Código de lengua original grc
Fuente del código Código de idioma MARC
082 ## - NÚMERO DE LA CLASIFICACIÓN DECIMAL DEWEY
Número de clasificación 188.7
Número de documento/Ítem E64p
049 ## - FONDOS LOCALES (OCLC)
Fondos de biblioteca BNGR
100 0# - ENTRADA PRINCIPAL--NOMBRE DE PERSONA
Nombre de persona Epictetus.
9 (RLIN) 38181
240 10 - TÍTULO UNIFORME
Título uniforme Dissertationes ab Arriano Digestae.
Lenguaje de la obra Español
245 10 - MENCIÓN DE TÍTULO
Título Pláticas por Arriano /
Mención de responsabilidad, etc. Epicteto ; revisión y traducción por Pablo Jordan de Urríes y Azara.
260 ## - PUBLICACIÓN, DISTRIBUCIÓN, ETC.
Lugar de publicación, distribución, etc. Barcelona :
Nombre del editor, distribuidor, etc. Alma Mater,
Fecha de publicación, distribución, etc. 1963.
300 ## - DESCRIPCIÓN FÍSICA
Extensión v. :
Otras características físicas 22 cm.
490 1# - MENCIÓN DE SERIE
Mención de serie Hispánica de Autores Griegos y Latinos
534 ## - NOTA SOBRE LA VERSIÓN ORIGINAL
Encabezamiento principal del original [Título original]:
Mención de título del original Dissertationes ab Arriano Digestae
500 ## - NOTA GENERAL
Nota general La biblioteca sólo posee el volumen 2.
504 ## - NOTA DE BIBLIOGRAFÍA, ETC.
Nota de bibliografía, etc. Incluye referencias bibliográficas e índice.
650 #4 - PUNTO DE ACCESO ADICIONAL DE MATERIA--TÉRMINO DE MATERIA
Término de materia o nombre geográfico como elemento de entrada Estoicismo
9 (RLIN) 38182
650 #4 - PUNTO DE ACCESO ADICIONAL DE MATERIA--TÉRMINO DE MATERIA
Término de materia o nombre geográfico como elemento de entrada Filosofía antigua
9 (RLIN) 1215
700 1# - PUNTO DE ACCESO ADICIONAL--NOMBRE DE PERSONA
Nombre de persona Jordán de Urríes y Azara, Pablo,
Término indicativo de función/relación tr.
9 (RLIN) 38183
830 #0 - PUNTO DE ACCESO ADICIONAL DE SERIE-TÍTULO UNIFORME
Título uniforme Hispánica de Autores Griegos y Latinos
9 (RLIN) 38184
910 ## - DATOS DE OPCIÓN DEL USUARIO (OCLC)
Datos de opción del usuario Catalogación derivada / LC
Holdings
Estado de retiro Estado de pérdida Restricciones de uso No para préstamo Código de colección Localización permanente Ubicación/localización actual Ubicación en estantería Fecha de adquisición Número de inventario Total de préstamos Signatura topográfica completa Código de barras Fecha visto por última vez Precio válido a partir de Tipo de ítem Koha
      Excluido de préstamo Monografías: Libros y Folletos General General Depósito 24.03.2010 LF1   v. 2 17465-10 25.06.2020 25.06.2020 No se presta
      Excluido de préstamo Monografías: Libros y Folletos General General Depósito 07.10.2013 LF1   v. 3 17465-20 25.06.2020 25.06.2020 No se presta

Powered by Koha